[Event "DEM U16 2017"]
[Site "Willingen GER"]
[Date "2017.06.08"]
[Round "7"]
[White "Ewert, Hannes"]
[Black "Schmidek, Emil"]
[Result "1/2-1/2"]
[Termination "normal"]
[Board "2"]
[BlackTitle "FM"]
[WhiteElo "2231"]
[BlackElo "2424"]
[WhiteClock "01:25:01"]
[BlackClock "01:01:51"]
[PlyCount "42"]
[WhiteFideId "12961574"]
[BlackFideId "12908150"]
[EventCountry "GER"]
[EventRounds "9"]
[EventType "swiss"]
[EventDate "2017.06.03"]

1. e4 {[%clk 1:30:58]} 1... e5 {[%clk 1:30:52]} 2. Nf3 {[%clk 1:31:23]} 2...
Nc6 {[%clk 1:31:18]} 3. Bb5 {[%clk 1:31:40]} 3... a6 {[%clk 1:31:44]} 4. Bxc6 {
[%clk 1:31:53]} 4... dxc6 {[%clk 1:32:09]} 5. O-O {[%clk 1:32:16]} 5... Bg4 {
[%clk 1:32:35]} 6. h3 {[%clk 1:32:34]} 6... h5 {[%clk 1:32:36]} 7. d3 { [%clk
1:32:57]} 7... Qf6 {[%clk 1:32:59]} 8. Nbd2 {[%clk 1:33:20]} 8... Ne7 { [%clk
1:33:20]} 9. Re1 {[%clk 1:33:41]} 9... Ng6 {[%clk 1:33:42]} 10. d4 { [%clk
1:33:49]} 10... Nf4 {[%clk 1:33:53]} 11. hxg4 {[%clk 1:34:04]} 11... hxg4
{[%clk 1:34:16]} 12. g3 {[%clk 1:34:32]} 12... gxf3 {[%clk 1:33:56]} 13. Qxf3 {
[%clk 1:34:56]} 13... Ne6 {[%clk 1:34:18]} 14. dxe5 {[%clk 1:35:19]} 14... Qxe5
{[%clk 1:34:42]} 15. Qf5 {[%clk 1:35:46]} 15... Qd6 {[%clk 1:35:02]} 16. Nb3 {
[%clk 1:34:45]} 16... g6 {[%clk 1:33:13]} 17. Qf3 {[%clk 1:35:08]} 17... Bg7 {
[%clk 1:32:12]} 18. c3 {[%clk 1:32:21]} 18... O-O-O {[%clk 1:25:29]} 19. Be3 {
[%clk 1:31:12]} 19... Qe7 {[%clk 1:21:30]} 20. Rad1 {[%clk 1:29:29]} 20... Rdf8
{[%clk 1:14:59]} 21. Kg2 {[%clk 1:25:01]} 21... f5 {[%clk 1:01:51]} 1/2-1/2

[Event "DEM U16 2017"]
[Site "Willingen GER"]
[Date "2017.06.08"]
[Round "7"]
[White "Stein, Robert"]
[Black "Engel, Luis"]
[Result "0-1"]
[Termination "normal"]
[Board "4"]
[WhiteElo "2169"]
[BlackElo "2362"]
[WhiteClock "00:10:01"]
[BlackClock "00:11:15"]
[PlyCount "130"]
[WhiteFideId "12921084"]
[BlackFideId "12961523"]
[EventCountry "GER"]
[EventRounds "9"]
[EventType "swiss"]
[EventDate "2017.06.03"]

1. d4 {[%clk 1:30:59]} 1... Nf6 {[%clk 1:30:55]} 2. c4 {[%clk 1:31:11]} 2... g6
{[%clk 1:31:18]} 3. g3 {[%clk 1:31:27]} 3... Bg7 {[%clk 1:31:41]} 4. Bg2 {
[%clk 1:31:51]} 4... O-O {[%clk 1:32:02]} 5. Nf3 {[%clk 1:30:53]} 5... d6 {
[%clk 1:32:07]} 6. O-O {[%clk 1:30:44]} 6... Nc6 {[%clk 1:32:30]} 7. Nc3 {
[%clk 1:31:08]} 7... e5 {[%clk 1:32:43]} 8. d5 {[%clk 1:31:23]} 8... Nb8 {
[%clk 1:33:06]} 9. e4 {[%clk 1:25:53]} 9... a5 {[%clk 1:33:20]} 10. Ne1 { [%clk
1:24:18]} 10... Na6 {[%clk 1:32:14]} 11. Nd3 {[%clk 1:23:15]} 11... Nd7 { [%clk
1:29:34]} 12. a3 {[%clk 1:07:43]} 12... Ndc5 {[%clk 1:15:08]} 13. Nxc5 { [%clk
1:03:11]} 13... Nxc5 {[%clk 1:15:22]} 14. Be3 {[%clk 1:03:22]} 14... Bd7 {[%clk
1:13:10]} 15. b4 {[%clk 0:59:16]} 15... axb4 {[%clk 1:13:33]} 16. axb4 { [%clk
0:59:40]} 16... Rxa1 {[%clk 1:13:55]} 17. Qxa1 {[%clk 1:00:05]} 17... Nb3
{[%clk 1:14:15]} 18. Qd1 {[%clk 0:59:25]} 18... Nd4 {[%clk 1:14:25]} 19. Ne2 {
[%clk 0:55:42]} 19... Qf6 {[%clk 1:09:32]} 20. Nxd4 {[%clk 0:51:33]} 20... exd4
{[%clk 1:09:47]} 21. Bf4 {[%clk 0:51:44]} 21... Ra8 {[%clk 1:07:39]} 22. Qd2 {
[%clk 0:47:22]} 22... Qd8 {[%clk 0:54:30]} 23. c5 {[%clk 0:42:48]} 23... Bb5 {
[%clk 0:42:19]} 24. Rc1 {[%clk 0:40:01]} 24... Ra3 {[%clk 0:40:24]} 25. Qb2 {
[%clk 0:31:23]} 25... Rc3 {[%clk 0:37:43]} 26. Bd2 {[%clk 0:28:41]} 26... Rxc1+
{[%clk 0:36:32]} 27. Qxc1 {[%clk 0:29:03]} 27... h5 {[%clk 0:31:26]} 28. Bf1 {
[%clk 0:21:09]} 28... Bxf1 {[%clk 0:25:28]} 29. Qxf1 {[%clk 0:18:41]} 29... Qe8
{[%clk 0:24:15]} 30. cxd6 {[%clk 0:17:21]} 30... cxd6 {[%clk 0:24:38]} 31. Qd3
{[%clk 0:17:30]} 31... Qa4 {[%clk 0:23:37]} 32. Be1 {[%clk 0:16:58]} 32... Qa1
{[%clk 0:18:59]} 33. Kf1 {[%clk 0:16:47]} 33... Bh6 {[%clk 0:17:18]} 34. Ke2 {
[%clk 0:13:15]} 34... Qb2+ {[%clk 0:13:50]} 35. Kd1 {[%clk 0:11:59]} 35... Qc1+
{[%clk 0:12:06]} 36. Ke2 {[%clk 0:12:23]} 36... Bg7 {[%clk 0:11:58]} 37. Qd2 {
[%clk 0:09:49]} 37... Qc8 {[%clk 0:09:15]} 38. Kd3 {[%clk 0:05:04]} 38... h4 {
[%clk 0:04:51]} 39. f4 {[%clk 0:03:23]} 39... Qe8 {[%clk 0:04:08]} 40. Qa2 {
[%clk 0:00:45]} 40... Kh7 {[%clk 0:00:47]} 41. Bf2 {[%clk 0:25:16]} 41... f5 {
[%clk 0:29:01]} 42. exf5 {[%clk 0:22:31]} 42... gxf5 {[%clk 0:29:24]} 43. Kd2 {
[%clk 0:18:39]} 43... hxg3 {[%clk 0:24:02]} 44. hxg3 {[%clk 0:18:30]} 44... Qe4
{[%clk 0:22:27]} 45. Qc4 {[%clk 0:14:49]} 45... Qf3 {[%clk 0:20:10]} 46. Qe2 {
[%clk 0:07:19]} 46... Qc3+ {[%clk 0:20:07]} 47. Kd1 {[%clk 0:07:38]} 47... Qa1+
{[%clk 0:18:37]} 48. Kd2 {[%clk 0:07:35]} 48... Qb2+ {[%clk 0:18:19]} 49. Kd1 {
[%clk 0:07:48]} 49... Qb1+ {[%clk 0:18:37]} 50. Kd2 {[%clk 0:08:13]} 50...
Qxb4+ {[%clk 0:18:58]} 51. Kc1 {[%clk 0:08:10]} 51... Qc5+ {[%clk 0:15:16]} 52.
Kd1 {[%clk 0:08:07]} 52... Qxd5 {[%clk 0:15:29]} 53. Qh5+ {[%clk 0:08:26]}
53... Bh6 {[%clk 0:15:46]} 54. Qe8 {[%clk 0:07:15]} 54... Qf3+ {[%clk 0:12:49]}
55. Kc1 {[%clk 0:07:32]} 55... Qc6+ {[%clk 0:08:07]} 56. Qxc6 {[%clk 0:07:54]}
56... bxc6 {[%clk 0:08:33]} 57. Bxd4 {[%clk 0:08:18]} 57... Kg6 {[%clk 0:08:56]
} 58. Kd2 {[%clk 0:08:37]} 58... Bg7 {[%clk 0:09:20]} 59. Bb6 {[%clk 0:08:16]}
59... Kh5 {[%clk 0:09:29]} 60. Bc7 {[%clk 0:08:23]} 60... d5 {[%clk 0:09:53]}
61. Ke2 {[%clk 0:08:43]} 61... Kg4 {[%clk 0:10:06]} 62. Kf2 {[%clk 0:09:07]}
62... c5 {[%clk 0:10:20]} 63. Kg2 {[%clk 0:09:16]} 63... c4 {[%clk 0:10:33]}
64. Be5 {[%clk 0:09:37]} 64... Bxe5 {[%clk 0:10:50]} 65. fxe5 {[%clk 0:10:01]}
65... Kg5 {[%clk 0:11:15]} 0-1

[Event "DEM U16 2017"]
[Site "Willingen GER"]
[Date "2017.06.08"]
[Round "7"]
[White "Roseneck, Jonas"]
[Black "Färber, David"]
[Result "0-1"]
[Termination "normal"]
[Board "5"]
[WhiteElo "2173"]
[BlackElo "2229"]
[WhiteClock "00:06:02"]
[BlackClock "00:03:00"]
[PlyCount "96"]
[WhiteFideId "12939870"]
[BlackFideId "12971294"]
[EventCountry "GER"]
[EventRounds "9"]
[EventType "swiss"]
[EventDate "2017.06.03"]

1. e4 {[%clk 1:30:58]} 1... c5 {[%clk 1:30:50]} 2. Nf3 {[%clk 1:31:22]} 2...
Nc6 {[%clk 1:31:08]} 3. d4 {[%clk 1:31:47]} 3... cxd4 {[%clk 1:31:31]} 4. Nxd4
{[%clk 1:32:13]} 4... Nf6 {[%clk 1:31:46]} 5. Nc3 {[%clk 1:32:39]} 5... e5 {
[%clk 1:32:01]} 6. Ndb5 {[%clk 1:33:01]} 6... d6 {[%clk 1:32:22]} 7. Bg5 {
[%clk 1:32:47]} 7... a6 {[%clk 1:32:33]} 8. Na3 {[%clk 1:33:14]} 8... b5 {
[%clk 1:32:39]} 9. Nd5 {[%clk 1:33:39]} 9... Be7 {[%clk 1:32:58]} 10. Bxf6 {
[%clk 1:33:19]} 10... Bxf6 {[%clk 1:33:19]} 11. c3 {[%clk 1:33:39]} 11... O-O {
[%clk 1:33:42]} 12. Nc2 {[%clk 1:34:00]} 12... Rb8 {[%clk 1:34:05]} 13. h4 {
[%clk 1:27:35]} 13... Be7 {[%clk 1:34:20]} 14. Nce3 {[%clk 1:23:21]} 14... Be6
{[%clk 1:34:15]} 15. Bd3 {[%clk 1:15:15]} 15... Qd7 {[%clk 1:31:47]} 16. Qe2 {
[%clk 1:10:48]} 16... Bd8 {[%clk 1:26:30]} 17. Bc2 {[%clk 0:58:41]} 17... a5 {
[%clk 1:18:13]} 18. g3 {[%clk 0:52:59]} 18... Ne7 {[%clk 1:14:46]} 19. Rd1 {
[%clk 0:47:01]} 19... b4 {[%clk 1:06:30]} 20. cxb4 {[%clk 0:46:23]} 20... axb4
{[%clk 1:03:09]} 21. O-O {[%clk 0:42:11]} 21... Bb6 {[%clk 1:01:10]} 22. Bb3 {
[%clk 0:37:06]} 22... Bd4 {[%clk 0:54:51]} 23. Rd2 {[%clk 0:27:09]} 23... Kh8 {
[%clk 0:50:21]} 24. Rfd1 {[%clk 0:21:50]} 24... Bxd5 {[%clk 0:39:28]} 25. Bxd5
{[%clk 0:17:41]} 25... f5 {[%clk 0:36:09]} 26. exf5 {[%clk 0:17:42]} 26... Nxf5
{[%clk 0:35:37]} 27. Nxf5 {[%clk 0:17:42]} 27... Rxf5 {[%clk 0:34:13]} 28. Kg2
{[%clk 0:08:08]} 28... Rxf2+ 29. Qxf2 {[%clk 0:08:35]} 29... Bxf2 { [%clk
0:31:53]} 30. Rxf2 {[%clk 0:09:03]} 30... Qg4 {[%clk 0:27:08]} 31. Rdf1 { [%clk
0:08:21]} 31... g6 {[%clk 0:20:58]} 32. Rf8+ {[%clk 0:03:57]} 32... Rxf8 {[%clk
0:21:19]} 33. Rxf8+ {[%clk 0:04:25]} 33... Kg7 {[%clk 0:21:39]} 34. Rf7+ {[%clk
0:04:54]} 34... Kh6 {[%clk 0:17:18]} 35. Rc7 {[%clk 0:04:41]} 35... Qe2+ {[%clk
0:14:15]} 36. Kh3 {[%clk 0:05:09]} 36... g5 {[%clk 0:11:38]} 37. hxg5+ { [%clk
0:05:11]} 37... Kxg5 {[%clk 0:11:34]} 38. Rxh7 {[%clk 0:04:12]} 38... Qd3
{[%clk 0:10:40]} 39. Bg8 {[%clk 0:04:36]} 39... Qf1+ {[%clk 0:07:40]} 40. Kh2 {
[%clk 0:05:05]} 40... Qe2+ {[%clk 0:07:31]} 41. Kh3 {[%clk 0:05:19]} 41... e4 {
[%clk 0:06:45]} 42. Rg7+ {[%clk 0:05:15]} 42... Kh6 {[%clk 0:05:52]} 43. Re7 {
[%clk 0:05:41]} 43... Qh5+ {[%clk 0:03:56]} 44. Kg2 {[%clk 0:06:07]} 44... Qf3+
{[%clk 0:04:18]} 45. Kh2 {[%clk 0:06:18]} 45... Qf2+ {[%clk 0:02:47]} 46. Kh3 {
[%clk 0:06:42]} 46... d5 {[%clk 0:02:59]} 47. Kg4 {[%clk 0:05:40]} 47... Qf3+ {
[%clk 0:02:54]} 48. Kh3 {[%clk 0:06:02]} 48... Qh1+ {[%clk 0:03:00]} 0-1

[Event "DEM U16 2017"]
[Site "Willingen GER"]
[Date "2017.06.08"]
[Round "7"]
[White "Muckle, Julius"]
[Black "Zienert, Richard"]
[Result "1/2-1/2"]
[Termination "normal"]
[Board "6"]
[WhiteElo "2303"]
[BlackElo "2261"]
[WhiteClock "00:02:46"]
[BlackClock "00:34:49"]
[PlyCount "72"]
[WhiteFideId "12942430"]
[BlackFideId "12945986"]
[EventCountry "GER"]
[EventRounds "9"]
[EventType "swiss"]
[EventDate "2017.06.03"]

1. d4 {[%clk 1:30:58]} 1... Nf6 {[%clk 1:30:56]} 2. c4 {[%clk 1:31:25]} 2... e6
{[%clk 1:31:19]} 3. Nc3 {[%clk 1:31:50]} 3... Bb4 {[%clk 1:31:44]} 4. e3 {
[%clk 1:32:16]} 4... b6 {[%clk 1:32:11]} 5. Nge2 {[%clk 1:32:30]} 5... Bb7 {
[%clk 1:31:03]} 6. a3 {[%clk 1:32:54]} 6... Be7 {[%clk 1:30:39]} 7. d5 { [%clk
1:32:48]} 7... O-O {[%clk 1:31:02]} 8. Ng3 {[%clk 1:32:48]} 8... Re8 { [%clk
1:31:16]} 9. Be2 {[%clk 1:30:24]} 9... exd5 {[%clk 1:31:19]} 10. cxd5 { [%clk
1:29:58]} 10... Bd6 {[%clk 1:31:27]} 11. O-O {[%clk 1:21:11]} 11... Be5 { [%clk
1:31:47]} 12. Bf3 {[%clk 1:16:59]} 12... d6 {[%clk 1:31:45]} 13. Nge2 { [%clk
1:10:49]} 13... Nbd7 {[%clk 1:28:59]} 14. b4 {[%clk 1:05:02]} 14... a5 { [%clk
1:17:46]} 15. Bb2 {[%clk 1:03:49]} 15... b5 {[%clk 1:10:04]} 16. Rb1 { [%clk
0:42:40]} 16... Nb6 {[%clk 1:10:13]} 17. Nxb5 {[%clk 0:40:55]} 17... Bxb2
{[%clk 1:10:14]} 18. Rxb2 {[%clk 0:41:18]} 18... Bxd5 {[%clk 1:09:44]} 19. Bxd5
{[%clk 0:34:44]} 19... Nfxd5 {[%clk 1:09:47]} 20. Nbd4 {[%clk 0:31:02]} 20...
Nc4 {[%clk 1:02:54]} 21. Rb3 {[%clk 0:29:23]} 21... a4 {[%clk 1:00:40]} 22. Rb1
{[%clk 0:28:52]} 22... Nxa3 {[%clk 0:44:58]} 23. Ra1 {[%clk 0:24:08]} 23... Nc4
{[%clk 0:45:23]} 24. Rxa4 {[%clk 0:19:48]} 24... Ndxe3 {[%clk 0:42:10]} 25.
fxe3 {[%clk 0:20:08]} 25... Nxe3 {[%clk 0:42:35]} 26. Qb3 {[%clk 0:19:09]}
26... Nxf1 {[%clk 0:42:54]} 27. Rxa8 {[%clk 0:15:47]} 27... Qxa8 { [%clk
0:43:11]} 28. Kxf1 {[%clk 0:16:12]} 28... c5 {[%clk 0:43:06]} 29. bxc5 { [%clk
0:15:08]} 29... dxc5 {[%clk 0:43:23]} 30. Nf3 {[%clk 0:13:07]} 30... Qe4 {[%clk
0:41:19]} 31. Ng3 {[%clk 0:12:19]} 31... Qe7 {[%clk 0:39:46]} 32. Qc3 { [%clk
0:11:41]} 32... g6 {[%clk 0:40:02]} 33. Kf2 {[%clk 0:09:56]} 33... h6 { [%clk
0:38:44]} 34. h4 {[%clk 0:08:41]} 34... h5 {[%clk 0:37:36]} 35. Ng5 { [%clk
0:08:08]} 35... Qd6 {[%clk 0:34:50]} 36. N3e4 {[%clk 0:02:46]} 36... Qf4+
{[%clk 0:34:49]} 1/2-1/2

[Event "DEM U16 2017"]
[Site "Willingen GER"]
[Date "2017.06.08"]
[Round "7"]
[White "Martin, Julian"]
[Black "Savchenko, Daniel"]
[Result "1-0"]
[Termination "normal"]
[Board "7"]
[WhiteTitle "FM"]
[WhiteElo "2348"]
[BlackElo "2037"]
[WhiteClock "00:43:31"]
[BlackClock "00:06:27"]
[PlyCount "73"]
[WhiteFideId "12941000"]
[BlackFideId "12919195"]
[EventCountry "GER"]
[EventRounds "9"]
[EventType "swiss"]
[EventDate "2017.06.03"]

1. e4 {[%clk 1:30:57]} 1... c5 {[%clk 1:30:55]} 2. Nf3 {[%clk 1:31:23]} 2... e6
{[%clk 1:31:20]} 3. d4 {[%clk 1:31:49]} 3... cxd4 {[%clk 1:31:45]} 4. Nxd4 {
[%clk 1:32:15]} 4... Nc6 {[%clk 1:32:08]} 5. Nc3 {[%clk 1:32:40]} 5... Qc7 {
[%clk 1:32:32]} 6. g3 {[%clk 1:33:06]} 6... a6 {[%clk 1:32:54]} 7. Bg2 { [%clk
1:33:31]} 7... Nge7 {[%clk 1:33:01]} 8. Nde2 {[%clk 1:30:38]} 8... Ne5 { [%clk
1:31:47]} 9. f4 {[%clk 1:30:06]} 9... N5g6 {[%clk 1:30:26]} 10. Be3 { [%clk
1:30:00]} 10... d6 {[%clk 1:29:29]} 11. O-O {[%clk 1:29:30]} 11... Nc6 { [%clk
1:28:31]} 12. Na4 {[%clk 1:29:26]} 12... b5 {[%clk 1:25:20]} 13. Nac3 { [%clk
1:28:59]} 13... Be7 {[%clk 1:23:30]} 14. f5 {[%clk 1:28:32]} 14... Nge5 { [%clk
1:23:30]} 15. fxe6 {[%clk 1:28:39]} 15... Bxe6 {[%clk 1:21:08]} 16. Nf4 { [%clk
1:22:01]} 16... O-O {[%clk 0:59:35]} 17. Ncd5 {[%clk 1:22:16]} 17... Qb7 {[%clk
0:59:30]} 18. b3 {[%clk 1:19:01]} 18... Bxd5 {[%clk 0:47:04]} 19. Nxd5 { [%clk
1:19:20]} 19... Nd8 {[%clk 0:39:08]} 20. a4 {[%clk 1:13:19]} 20... Ne6 { [%clk
0:35:54]} 21. Qe2 {[%clk 1:13:07]} 21... Bg5 {[%clk 0:31:14]} 22. Bf2 { [%clk
1:08:42]} 22... bxa4 {[%clk 0:28:26]} 23. Rxa4 {[%clk 1:06:27]} 23... Qb5
{[%clk 0:27:43]} 24. Qd1 {[%clk 1:04:40]} 24... Rab8 {[%clk 0:23:10]} 25. h4 {
[%clk 1:04:11]} 25... Bh6 {[%clk 0:23:17]} 26. Ne7+ {[%clk 0:57:46]} 26... Kh8
{[%clk 0:23:42]} 27. Qxd6 {[%clk 0:57:15]} 27... Ng4 {[%clk 0:15:16]} 28. Nd5 {
[%clk 0:49:03]} 28... a5 {[%clk 0:14:05]} 29. Rc4 {[%clk 0:45:11]} 29... a4 {
[%clk 0:09:35]} 30. Rb4 {[%clk 0:44:32]} 30... Qe8 {[%clk 0:09:43]} 31. Rxb8 {
[%clk 0:42:51]} 31... Qxb8 {[%clk 0:10:07]} 32. Qxb8 {[%clk 0:43:00]} 32...
Rxb8 {[%clk 0:10:33]} 33. bxa4 {[%clk 0:43:18]} 33... Ne5 {[%clk 0:09:26]} 34.
a5 {[%clk 0:43:03]} 34... Ra8 {[%clk 0:07:45]} 35. Ra1 {[%clk 0:43:20]} 35...
Nc6 {[%clk 0:07:41]} 36. a6 {[%clk 0:43:26]} 36... Bd2 {[%clk 0:06:27]} 37. e5
{[%clk 0:43:31]} 1-0

[Event "DEM U16 2017"]
[Site "Willingen GER"]
[Date "2017.06.08"]
[Round "7"]
[White "Poghosyan, Tigran"]
[Black "Kuznecovs, Nikita"]
[Result "1-0"]
[Termination "normal"]
[Board "9"]
[WhiteElo "2207"]
[BlackElo "2030"]
[WhiteClock "00:01:21"]
[BlackClock "00:24:34"]
[PlyCount "79"]
[WhiteFideId "12909319"]
[BlackFideId "11604557"]
[EventCountry "GER"]
[EventRounds "9"]
[EventType "swiss"]
[EventDate "2017.06.03"]

1. d4 {[%clk 1:30:55]} 1... Nf6 {[%clk 1:30:56]} 2. Nc3 {[%clk 1:31:15]} 2...
e6 {[%clk 1:31:20]} 3. e4 {[%clk 1:31:35]} 3... c5 {[%clk 1:29:45]} 4. d5 {
[%clk 1:31:55]} 4... exd5 {[%clk 1:30:05]} 5. e5 {[%clk 1:31:14]} 5... Ng8 {
[%clk 1:26:33]} 6. Qxd5 {[%clk 1:30:01]} 6... Ne7 {[%clk 1:18:26]} 7. Qxc5 {
[%clk 1:21:39]} 7... Ng6 {[%clk 1:18:40]} 8. Qe3 {[%clk 1:18:47]} 8... Qa5 {
[%clk 1:18:24]} 9. Nf3 {[%clk 1:17:41]} 9... Bc5 {[%clk 1:18:16]} 10. Qe4 {
[%clk 1:08:06]} 10... O-O {[%clk 1:11:55]} 11. Bd2 {[%clk 1:00:23]} 11... Nc6 {
[%clk 1:07:06]} 12. Nd5 {[%clk 0:51:14]} 12... Qd8 {[%clk 1:06:42]} 13. Bg5 {
[%clk 0:39:25]} 13... f6 {[%clk 1:02:55]} 14. Nxf6+ {[%clk 0:19:17]} 14... gxf6
{[%clk 1:01:57]} 15. Bc4+ {[%clk 0:19:32]} 15... Kh8 {[%clk 1:01:49]} 16. Bxf6+
{[%clk 0:19:50]} 16... Rxf6 {[%clk 1:02:00]} 17. exf6 {[%clk 0:20:19]} 17...
Qxf6 {[%clk 1:01:19]} 18. Qe8+ {[%clk 0:17:07]} 18... Bf8 {[%clk 0:58:06]} 19.
O-O {[%clk 0:15:12]} 19... d6 {[%clk 0:58:18]} 20. Qf7 {[%clk 0:14:06]} 20...
Qxf7 {[%clk 0:58:36]} 21. Bxf7 {[%clk 0:14:34]} 21... Bg4 {[%clk 0:56:23]} 22.
Ng5 {[%clk 0:11:18]} 22... Bf5 {[%clk 0:48:35]} 23. c3 {[%clk 0:11:15]} 23...
Nge5 {[%clk 0:46:54]} 24. Bb3 {[%clk 0:08:17]} 24... h6 {[%clk 0:44:40]} 25.
Ne6 {[%clk 0:08:17]} 25... Bxe6 {[%clk 0:39:33]} 26. Bxe6 {[%clk 0:08:46]}
26... Re8 {[%clk 0:39:49]} 27. Bd5 {[%clk 0:08:50]} 27... Nd3 {[%clk 0:40:02]}
28. Rab1 {[%clk 0:05:03]} 28... Re5 {[%clk 0:33:44]} 29. Bc4 {[%clk 0:04:57]}
29... Nc5 {[%clk 0:32:26]} 30. f4 {[%clk 0:04:07]} 30... Rf5 {[%clk 0:31:25]}
31. g4 {[%clk 0:04:16]} 31... Rf6 {[%clk 0:31:41]} 32. h4 {[%clk 0:02:57]}
32... Ne7 {[%clk 0:30:11]} 33. g5 {[%clk 0:02:12]} 33... Rf5 {[%clk 0:30:24]}
34. b4 {[%clk 0:01:59]} 34... Na4 {[%clk 0:23:56]} 35. Be6 {[%clk 0:01:42]}
35... Rb5 {[%clk 0:23:36]} 36. Bd7 {[%clk 0:01:50]} 36... Nc6 {[%clk 0:24:05]}
37. c4 {[%clk 0:01:23]} 37... Rb6 {[%clk 0:24:10]} 38. Rbe1 {[%clk 0:01:06]}
38... Nc3 {[%clk 0:24:06]} 39. Re8 {[%clk 0:01:27]} 39... Kg7 {[%clk 0:24:34]}
40. gxh6+ {[%clk 0:01:21]} 1-0

[Event "DEM U16 2017"]
[Site "Willingen GER"]
[Date "2017.06.08"]
[Round "7"]
[White "Junker, Magnus"]
[Black "Goldbeck, Lars"]
[Result "1-0"]
[Termination "normal"]
[Board "10"]
[WhiteElo "1983"]
[BlackElo "2197"]
[WhiteClock "00:12:20"]
[BlackClock "00:07:28"]
[PlyCount "71"]
[WhiteFideId "16218507"]
[BlackFideId "16208188"]
[EventCountry "GER"]
[EventRounds "9"]
[EventType "swiss"]
[EventDate "2017.06.03"]

1. e4 {[%clk 1:30:57]} 1... c5 {[%clk 1:30:55]} 2. Nf3 {[%clk 1:31:22]} 2... d6
{[%clk 1:31:24]} 3. d4 {[%clk 1:31:42]} 3... cxd4 {[%clk 1:31:51]} 4. Nxd4 {
[%clk 1:32:04]} 4... Nf6 {[%clk 1:32:17]} 5. Nc3 {[%clk 1:32:28]} 5... a6 {
[%clk 1:32:42]} 6. Be2 {[%clk 1:32:30]} 6... e5 {[%clk 1:33:07]} 7. Nb3 { [%clk
1:32:00]} 7... Be7 {[%clk 1:33:30]} 8. Be3 {[%clk 1:27:50]} 8... Be6 { [%clk
1:31:54]} 9. f4 {[%clk 1:23:02]} 9... Qc7 {[%clk 1:24:29]} 10. f5 { [%clk
1:19:04]} 10... Bc8 {[%clk 1:24:07]} 11. g4 {[%clk 1:13:29]} 11... h6 { [%clk
1:24:26]} 12. Bf3 {[%clk 1:03:01]} 12... b5 {[%clk 1:19:34]} 13. h4 { [%clk
0:57:17]} 13... b4 {[%clk 1:17:21]} 14. Ne2 {[%clk 0:49:52]} 14... d5 { [%clk
0:50:33]} 15. Ng3 {[%clk 0:46:16]} 15... d4 {[%clk 0:34:23]} 16. Bf2 { [%clk
0:40:07]} 16... Nc6 {[%clk 0:33:24]} 17. g5 {[%clk 0:37:04]} 17... Nd7 { [%clk
0:33:08]} 18. Bh5 {[%clk 0:34:13]} 18... Nb6 {[%clk 0:29:52]} 19. Bxf7+ { [%clk
0:23:10]} 19... Kxf7 {[%clk 0:29:55]} 20. Qh5+ {[%clk 0:23:32]} 20... Kf8
{[%clk 0:28:19]} 21. Qg6 {[%clk 0:21:31]} 21... Qd6 {[%clk 0:21:26]} 22. f6 {
[%clk 0:21:51]} 22... gxf6 {[%clk 0:21:21]} 23. Nh5 {[%clk 0:21:51]} 23... Rg8
{[%clk 0:19:16]} 24. Qxh6+ {[%clk 0:22:02]} 24... Ke8 {[%clk 0:18:54]} 25. gxf6
{[%clk 0:21:23]} 25... Bf8 {[%clk 0:12:00]} 26. f7+ {[%clk 0:19:09]} 26... Kxf7
{[%clk 0:12:24]} 27. Qh7+ {[%clk 0:19:30]} 27... Bg7 {[%clk 0:12:34]} 28. Be3 {
[%clk 0:17:02]} 28... Bh3 {[%clk 0:11:28]} 29. Rxh3 {[%clk 0:17:03]} 29... Raf8
{[%clk 0:08:47]} 30. O-O-O {[%clk 0:14:12]} 30... Nd7 {[%clk 0:06:33]} 31. Rf3+
{[%clk 0:12:02]} 31... Ke8 {[%clk 0:06:48]} 32. Rxf8+ {[%clk 0:11:17]} 32...
Qxf8 {[%clk 0:07:05]} 33. Qg6+ {[%clk 0:11:28]} 33... Qf7 {[%clk 0:06:47]} 34.
Nxg7+ {[%clk 0:11:42]} 34... Rxg7 {[%clk 0:07:11]} 35. Qxc6 {[%clk 0:11:59]}
35... dxe3 {[%clk 0:07:28]} 36. Qc8+ {[%clk 0:12:20]} 1-0